[Event "Schach am Rhein"]
[Site "Bad Breisig"]
[Date "2009.11.26"]
[Round "6.5"]
[White "Kies, Wolfgang"]
[Black "Zirwes, Hans Jürgen"]
[Result "0-1"]
[WhiteElo "1774"]
[BlackElo "1942"]
[PlyCount "92"]
[EventDate "2009.??.??"]
[WhiteTeam "SC 1950 Remagen"]
[BlackTeam "SC 1950 Remagen"]

1. f4 d5 2. Nf3 Nf6 3. b3 c5 4. e3 Nc6 5. Bb2 a6 6. a4 e6 7. Be2 Bd6 8. O-O Qc7
9. c4 Qb6 10. Bxf6 gxf6 11. cxd5 exd5 12. Nc3 Ne7 13. d4 Be6 14. a5 Qd8 15.
dxc5 Bxc5 16. Nd4 Nf5 17. Nxf5 Bxf5 18. Nxd5 Be4 19. Bf3 Bxd5 20. Bxd5 Qe7 21.
Kh1 Rd8 22. Qf3 Rd7 23. e4 h5 24. e5 f5 25. e6 fxe6 26. Bxe6 Rc7 27. Bxf5 Qf6
28. Rfe1+ Kf8 29. Be4 Bd4 30. Rac1 Bc3 31. Red1 Bxa5 32. Rxc7 Bxc7 33. Bxb7 Rh7
34. g3 (34. Qe4 Rd7 35. Re1) 34... h4 35. Kg2 Qb2+ 36. Qf2 Qxb3 37. Qc5+ Re7
38. Qf5+ Rf7 39. Qc5+ Re7 40. Bf3 h3+ 41. Kxh3 Qxf3 42. Qf5+ Rf7 43. Qc8+ Kg7
44. Rd7 Qh5+ 45. Kg2 Qe2+ 46. Kh3 Qe6+ 0-1

[Event "Schach am Rhein"]
[Site "Bad Breisig"]
[Date "2009.11.27"]
[Round "7.1"]
[White "Segelken, Peter"]
[Black "Boidman, Yuri"]
[Result "0-1"]
[WhiteElo "1891"]
[BlackElo "2391"]
[PlyCount "38"]
[EventDate "2009.??.??"]
[WhiteTeam "Delmenhorster SK V 1931"]
[BlackTeam "Wiesbadener SV 1885"]

1. e4 c5 2. Nf3 Nc6 3. Nc3 Nf6 4. h3 d6 5. Bb5 Bd7 6. d3 a6 7. Bxc6 Bxc6 8. O-O
e5 9. Nh2 d5 10. exd5 Nxd5 11. Re1 Bd6 12. Ne4 O-O 13. Nxd6 Qxd6 14. Ng4 Rae8
15. Ne3 Nf4 16. Kh2 Re6 17. Nf5 Qd5 18. Ne3 Qd7 19. g3 Rh6 0-1

[Event "Schach am Rhein"]
[Site "Bad Breisig"]
[Date "2009.11.27"]
[Round "7.2"]
[White "Konstantinowskij, Dimitrij"]
[Black "Wempe, Jürgen"]
[Result "1-0"]
[WhiteElo "1839"]
[BlackElo "2177"]
[PlyCount "73"]
[EventDate "2009.??.??"]
[WhiteTeam "VfR - SC Koblenz"]
[BlackTeam "SK Union Oldenburg"]

1. c4 f5 2. Nc3 Nf6 3. d4 e6 4. g3 Be7 5. Bg2 O-O 6. Nf3 d6 7. O-O Qe8 8. Re1
Ne4 9. Qc2 Qg6 10. Bf4 Nc6 11. Rad1 Bf6 12. a3 Nxc3 13. Qxc3 Re8 14. Qc2 e5 15.
dxe5 dxe5 16. Be3 e4 17. Nd2 Be6 18. Nf1 Qf7 19. b3 Ne5 20. Rd2 a5 21. a4 Be7
22. Bd4 Nc6 23. Bc3 Bc5 24. Red1 f4 25. gxf4 Qxf4 26. e3 Qg5 27. Ng3 Bg4 28.
Rd5 Bxd1 29. Qxd1 Rad8 30. h4 Qxh4 31. Nf5 Qg5 32. Nxg7 Bb4 33. Nxe8 Rxd5 34.
Qxd5+ Qxd5 35. cxd5 Bxc3 36. dxc6 bxc6 37. Nxc7 1-0

[Event "Schach am Rhein"]
[Site "Bad Breisig"]
[Date "2009.11.27"]
[Round "7.6"]
[White "Zittro, Carl"]
[Black "Buchäckert, Jürgen"]
[Result "1-0"]
[WhiteElo "1481"]
[BlackElo "1991"]
[PlyCount "47"]
[EventDate "2009.??.??"]
[WhiteTeam "SF Nickenich"]
[BlackTeam "SK 1912 Ludwigshafen"]

1. d4 Nf6 2. Bf4 c5 3. d5 e6 4. dxe6 fxe6 5. Bd6 Qb6 6. Bxf8 Qxb2 7. Bxg7 Qxa1
8. Bxh8 Kf7 9. Bxf6 Qxf6 10. Nf3 d5 11. e3 Nc6 12. Bb5 Ne7 13. O-O a6 14. Bd3
e5 15. e4 Bg4 16. Nxe5+ Qxe5 17. Qxg4 Rg8 18. Qf3+ Ke8 19. exd5 Nxd5 20. Bc4
Rg5 21. Bxd5 Qxd5 22. Re1+ Re5 23. Qh5+ Kd7 24. Qxe5 1-0

[Event "Schach am Rhein"]
[Site "Bad Breisig"]
[Date "2009.11.28"]
[Round "8.1"]
[White "Boidman, Yuri"]
[Black "Klein, Gereon"]
[Result "1-0"]
[WhiteElo "2391"]
[BlackElo "1928"]
[PlyCount "71"]
[EventDate "2009.??.??"]
[WhiteTeam "Wiesbadener SV 1885"]
[BlackTeam "Schachklub Kerpen 64 e.V."]

1. e4 c5 2. Nf3 Nc6 3. Bb5 g6 4. O-O Bg7 5. Nc3 Nf6 6. e5 Ng4 7. Bxc6 dxc6 8.
Qe2 O-O 9. h3 Nh6 10. g4 Be6 11. d3 Qd7 12. Ne4 b6 13. Bf4 f5 14. exf6 exf6 15.
Rfe1 Bd5 16. c4 Bxe4 17. dxe4 Nf7 18. Rad1 Qe6 19. Rd3 Rad8 20. b3 Rxd3 21.
Qxd3 Rd8 22. Qe3 Qd7 23. Kg2 Bf8 24. e5 fxe5 25. Nxe5 Nxe5 26. Qxe5 Bg7 27.
Qe6+ Qxe6 28. Rxe6 b5 29. Rxc6 bxc4 30. bxc4 Rd4 31. Rc8+ Kf7 32. Rc7+ Kf8 33.
Be3 Rxc4 34. Rxc5 Ra4 35. Rc8+ Kf7 36. Rc7+ 1-0

[Event "Schach am Rhein"]
[Site "Bad Breisig"]
[Date "2009.11.28"]
[Round "8.2"]
[White "Wempe, Jürgen"]
[Black "Flagmeier, Reiner"]
[Result "1/2-1/2"]
[WhiteElo "2177"]
[BlackElo "1802"]
[PlyCount "46"]
[EventDate "2009.??.??"]
[WhiteTeam "SK Union Oldenburg"]
[BlackTeam "Schachclub 1919 Siegburg e.V."]

1. e4 c6 2. Nc3 d5 3. Nf3 Bg4 4. h3 Bxf3 5. Qxf3 Nf6 6. e5 Nfd7 7. d4 e6 8. Ne2
c5 9. c3 Nc6 10. Qe3 Qb6 11. a3 Rc8 12. f4 g6 13. g4 h5 14. f5 gxf5 15. gxf5
Bh6 16. Qg3 Bxc1 17. Rxc1 Ne7 18. fxe6 fxe6 19. Rg1 Qxb2 20. Qd3 cxd4 21. Rg7
Nxe5 22. Qg3 Nc4 23. Qg5 Qxa3 1/2-1/2

[Event "Schach am Rhein"]
[Site "Bad Breisig"]
[Date "2009.11.28"]
[Round "8.4"]
[White "Mitzel, Robert"]
[Black "Kies, Wolfgang"]
[Result "1-0"]
[WhiteElo "2031"]
[BlackElo "1774"]
[PlyCount "49"]
[EventDate "2009.??.??"]
[WhiteTeam "SK 1908 Göggingen"]
[BlackTeam "SC 1950 Remagen"]

1. d4 e6 2. c4 f5 3. Nc3 Nf6 4. Nf3 b6 5. g3 Bb7 6. Bg2 Bb4 7. Bd2 O-O 8. O-O
d6 9. a3 Bxc3 10. Bxc3 Nbd7 11. b4 Ne4 12. Bb2 Ndf6 13. Qb3 Qe7 14. Rad1 Kh8
15. Ne1 Rab8 16. Nd3 h5 17. Nf4 Qf7 18. d5 e5 19. Ne6 h4 20. f3 Nxg3 21. hxg3
hxg3 22. f4 exf4 23. Rxf4 Nh5 24. Rh4 Kg8 25. Qc3 1-0

[Event "Schach am Rhein"]
[Site "Bad Breisig"]
[Date "2009.11.29"]
[Round "9.1"]
[White "Konstantinowskij, Dimitrij"]
[Black "Zilch, Lothar"]
[Result "1-0"]
[WhiteElo "1839"]
[BlackElo "2043"]
[PlyCount "81"]
[EventDate "2009.??.??"]
[WhiteTeam "VfR - SC Koblenz"]
[BlackTeam "SV Alsfeld"]

1. d4 Nf6 2. Nf3 d6 3. e3 g6 4. Bd3 Bg7 5. b3 O-O 6. Bb2 c5 7. dxc5 dxc5 8. O-O
Nc6 9. a3 b6 10. Qe2 e6 11. Rd1 Qe7 12. Ne5 Bb7 13. Nd2 Nxe5 14. Bxe5 Nd5 15.
Bxg7 Kxg7 16. Qg4 Nc3 17. Re1 Rfd8 18. e4 e5 19. Nf3 f6 20. Re3 Bc8 21. Qh4 b5
22. Rae1 Be6 23. Nxe5 g5 24. Rg3 fxe5 25. Rxg5+ Kf8 26. Qh6+ Ke8 27. Rg7 Bf7
28. Qc6+ Kf8 29. Rxh7 Qd6 30. Qb7 Qe7 31. Qa6 Qd6 32. Qa5 b4 33. axb4 cxb4 34.
Re3 Rac8 35. Rf3 Rc7 36. Rh8+ Ke7 37. Rxf7+ Kxf7 38. Rh7+ Kf8 39. Qxc7 Qxc7 40.
Rxc7 Nxe4 41. f4 1-0

[Event "Schach am Rhein"]
[Site "Bad Breisig"]
[Date "2009.11.29"]
[Round "9.2"]
[White "Wempe, Jürgen"]
[Black "Segelken, Peter"]
[Result "1-0"]
[WhiteElo "2177"]
[BlackElo "1891"]
[PlyCount "75"]
[EventDate "2009.??.??"]
[WhiteTeam "SK Union Oldenburg"]
[BlackTeam "Delmenhorster SK V 1931"]

1. d4 d5 2. Bf4 Nf6 3. Nd2 e6 4. Ngf3 Bd6 5. Bg3 b6 6. e3 O-O 7. Ne5 c5 8. Bh4
Be7 9. Bd3 c4 10. Be2 Nfd7 11. Bxe7 Qxe7 12. Nexc4 Nc6 13. Na3 e5 14. dxe5
Ndxe5 15. c3 f5 16. O-O Be6 17. Nf3 Rad8 18. Nc2 f4 19. exf4 Rxf4 20. g3 Rff8
21. Nxe5 Nxe5 22. f4 Nc4 23. Qd4 Bf5 24. Bxc4 dxc4 25. Qxc4+ Kh8 26. Rfe1 Qb7
27. Nd4 Bh3 28. Re2 h5 29. Rae1 Rc8 30. Qd3 Qd5 31. Qf3 Qf7 32. Re5 g6 33. Qd5
Qf6 34. Re7 Rcd8 35. Qe5 Qxe5 36. R1xe5 Rd7 37. Rxd7 Bxd7 38. Re7 1-0

[Event "Schach am Rhein"]
[Site "Bad Breisig"]
[Date "2009.11.21"]
[Round "1.1"]
[White "Buzov, Boris"]
[Black "Oser, Thor"]
[Result "1-0"]
[WhiteElo "1992"]
[BlackElo "1676"]
[PlyCount "103"]
[EventDate "2009.??.??"]
[WhiteTeam "VfR - SC Koblenz"]
[BlackTeam "SK 1929 Jöhlingen"]

1. e4 c5 2. Nf3 a6 3. d3 Nc6 4. g3 g6 5. Bg2 Bg7 6. O-O d6 7. c3 Nf6 8. Re1 Bg4
9. h3 Bxf3 10. Bxf3 e5 11. Be3 O-O 12. Na3 b5 13. Nc2 Qc8 14. Bg2 Nd7 15. Qd2
Ne7 16. Bh6 Ra7 17. Bxg7 Kxg7 18. Rac1 Nf6 19. Ne3 Rd7 20. h4 Rdd8 21. Qe2 h5
22. Nf1 Neg8 23. Red1 Nh6 24. b3 Qe6 25. Re1 Nd7 26. Nh2 f6 27. Nf3 Rh8 28. Rc2
Nf7 29. Qe3 Nh6 30. d4 Nf7 31. Kh2 Qe7 32. Rd2 Nh6 33. Kg1 Ng4 34. Qd3 Nh6 35.
Bh3 Nf7 36. Bxd7 Rxd7 37. dxc5 Rc8 38. cxd6 Rxd6 39. Qe3 Rdc6 40. Rd3 Qc7 41.
Rc1 Rd6 42. Rcd1 Rxd3 43. Rxd3 Rd8 44. Rxd8 Nxd8 45. Nd2 Ne6 46. Qd3 g5 47.
hxg5 Nxg5 48. b4 Qc6 49. Kf1 Kf7 50. c4 bxc4 51. Nxc4 Nxe4 52. Qxe4 1-0

[Event "Schach am Rhein"]
[Site "Bad Breisig"]
[Date "2009.11.21"]
[Round "1.2"]
[White "Jung, Michael"]
[Black "Mitzel, Robert"]
[Result "0-1"]
[WhiteElo "1666"]
[BlackElo "1921"]
[PlyCount "80"]
[EventDate "2009.??.??"]
[WhiteTeam "SV Osnabrück"]
[BlackTeam "SK 1908 Göggingen"]

1. c4 c5 2. Nc3 Nc6 3. g3 g6 4. Bg2 Bg7 5. e4 d6 6. Nge2 Nf6 7. O-O O-O 8. d3
Bd7 9. h3 a6 10. a4 Rb8 11. Be3 Qa5 12. Bd2 Nb4 13. Be1 Qc7 14. Nf4 e6 15. Rb1
Rfd8 16. Kh2 Bc6 17. h4 h5 18. f3 d5 19. cxd5 exd5 20. exd5 Nfxd5 21. Ncxd5
Nxd5 22. Nxd5 Bxd5 23. Bc3 Bc4 24. Bxg7 Kxg7 25. Rf2 Bxd3 26. Rc1 c4 27. Rd2
Qe5 28. f4 Qf6 29. Qg1 Re8 30. Qf2 Re7 31. b3 b5 32. axb5 axb5 33. bxc4 bxc4
34. Bd5 Rbe8 35. Kg1 Re2 36. Rxe2 Rxe2 37. Qc5 Qb2 38. Rd1 Be4 39. Bxe4 Rxe4
40. Qd5 Qe2 0-1

[Event "Schach am Rhein"]
[Site "Bad Breisig"]
[Date "2009.11.21"]
[Round "1.4"]
[White "van Houten, Henk"]
[Black "Wittelsberger, Helmut"]
[Result "1/2-1/2"]
[WhiteElo "1590"]
[BlackElo "1780"]
[PlyCount "79"]
[EventDate "2009.??.??"]
[WhiteTeam "Schachclub Gronau 1920 e.V."]
[BlackTeam "SF Hillscheid"]

1. b3 e5 2. Bb2 d6 3. c4 Nc6 4. a3 Nf6 5. e3 Be7 6. Nc3 Be6 7. Nf3 h6 8. d3 Qd7
9. Qc2 a6 10. Rd1 Rd8 11. h3 O-O 12. d4 exd4 13. Nxd4 Nxd4 14. exd4 Bf5 15. Bd3
Bxd3 16. Qxd3 Rde8 17. O-O Bd8 18. Qf3 c6 19. Bc1 Kh7 20. Rde1 Rxe1 21. Rxe1
Re8 22. Qd3+ Kh8 23. Rxe8+ Qxe8 24. Qe3 Qxe3 25. Bxe3 d5 26. cxd5 cxd5 27. f3
b5 28. Kf2 Kg8 29. Bf4 Kf8 30. Ke3 Ke7 31. Be5 Ke6 32. g4 g5 33. f4 gxf4+ 34.
Bxf4 Ng8 35. Ne2 Bg5 36. Ng3 Ne7 37. Nh5 f6 38. Kf3 Kf7 39. Ng3 Ke6 40. Nh5
1/2-1/2

[Event "Schach am Rhein"]
[Site "Bad Breisig"]
[Date "2009.11.21"]
[Round "1.5"]
[White "Classen, Herbert"]
[Black "Stock, Hugo"]
[Result "1-0"]
[WhiteElo "1766"]
[BlackElo "1509"]
[PlyCount "43"]
[EventDate "2009.??.??"]
[WhiteTeam "Schachverein 1949 Herzogenrath"]
[BlackTeam "Bergische Schachfreunde 1923 Ber"]

1. e4 c5 2. Nf3 Nc6 3. d4 cxd4 4. Nxd4 Nf6 5. Nc3 e5 6. Nb3 Bb4 7. Qf3 Nd4 8.
Qd3 Nxb3 9. axb3 O-O 10. Bg5 a5 11. O-O-O h6 12. h4 Be7 13. Kb1 Ra6 14. Be2 Nh7
15. Bxe7 Qxe7 16. Nd5 Qd8 17. g4 g6 18. Qe3 Re6 19. Qxh6 g5 20. Qh5 Rg6 21.
hxg5 Rg7 22. Nf6+ 1-0

[Event "Schach am Rhein"]
[Site "Bad Breisig"]
[Date "2009.11.21"]
[Round "1.6"]
[White "Schumacher, Ursula"]
[Black "Vorderbrügge, Franz-Josef"]
[Result "0-1"]
[WhiteElo "1342"]
[BlackElo "1703"]
[PlyCount "50"]
[EventDate "2009.??.??"]
[WhiteTeam "SC Bad Neuenahr/Aw."]
[BlackTeam "Schachverein Würselen 1926 e.V."]

1. c4 c6 2. Nc3 d5 3. cxd5 cxd5 4. d4 Nc6 5. Nf3 Nf6 6. g3 Bf5 7. a3 e6 8. Bg2
h6 9. Bf4 Qb6 10. Na4 Qa5+ 11. Bd2 Qd8 12. b4 Bd6 13. Rc1 Ne4 14. Be3 O-O 15.
O-O Rc8 16. Nc5 Bxc5 17. bxc5 Qa5 18. Qb3 Qa6 19. Rfe1 Na5 20. Qa4 b5 21. cxb6
axb6 22. Ne5 Nc3 23. Rxc3 Rxc3 24. Bf1 b5 25. Qb4 Rc7 0-1

[Event "Schach am Rhein"]
[Site "Bad Breisig"]
[Date "2009.11.21"]
[Round "1.7"]
[White "Kaiser, Hans"]
[Black "Kneip, Horst"]
[Result "1-0"]
[WhiteElo "1700"]
[BlackElo "1324"]
[PlyCount "49"]
[EventDate "2009.??.??"]
[WhiteTeam "Schachverein 1922 Hilden"]
[BlackTeam "SC Bad Neuenahr/Aw."]

1. e4 e6 2. Nc3 a6 3. Nf3 Be7 4. d4 d6 5. Bd3 h5 6. Be3 Nd7 7. Qd2 Nf8 8. e5 d5
9. Ne2 c6 10. Ng5 f5 11. exf6 gxf6 12. Nf3 b5 13. Nf4 f5 14. Ne5 Qc7 15. Nfg6
Rh7 16. Bf4 Nxg6 17. Nxg6 Qd7 18. Ne5 Qb7 19. O-O Nf6 20. f3 Nd7 21. Rfe1 c5
22. c3 a5 23. Ng6 Nf8 24. Nxe7 Rxe7 25. dxc5 1-0

[Event "Schach am Rhein"]
[Site "Bad Breisig"]
[Date "2009.11.22"]
[Round "2.1"]
[White "Flockerzi, Armin"]
[Black "Buzov, Boris"]
[Result "0-1"]
[WhiteElo "1820"]
[BlackElo "2130"]
[PlyCount "88"]
[EventDate "2009.??.??"]
[WhiteTeam "VfR - SC Koblenz"]
[BlackTeam "VfR - SC Koblenz"]

1. d4 d5 2. b3 Bf5 3. Ba3 c6 4. e3 Nf6 5. Nf3 Nbd7 6. Bd3 Bg4 7. h3 Bh5 8. Nbd2
Qa5 9. Qc1 Bxf3 10. b4 Qb6 11. Nxf3 e6 12. c3 Bd6 13. Bb2 e5 14. dxe5 Nxe5 15.
Nxe5 Bxe5 16. a3 O-O 17. O-O Rfe8 18. a4 a5 19. b5 cxb5 20. Bxb5 Rec8 21. Qd2
Qe6 22. Rac1 Ne4 23. Qd3 Rd8 24. Rfd1 Rac8 25. Rc2 Bf6 26. Rdc1 Nd6 27. Qe2 Nc4
28. Bxc4 Rxc4 29. Ra1 Qc6 30. Qd1 Rxa4 31. Rd2 Rxa1 32. Bxa1 Qc4 33. Rd3 b5 34.
Bb2 b4 35. Qd2 a4 36. e4 a3 37. Ba1 Qxe4 38. Re3 Qc4 39. Qe1 g6 40. cxb4 Bxa1
41. Qxa1 a2 42. Ra3 Qxb4 43. Rxa2 Re8 44. Qf6 Qb1+ 0-1

[Event "Schach am Rhein"]
[Site "Bad Breisig"]
[Date "2009.11.22"]
[Round "2.2"]
[White "Lubner, Wolfgang"]
[Black "Classen, Herbert"]
[Result "0-1"]
[WhiteElo "1669"]
[BlackElo "1913"]
[PlyCount "56"]
[EventDate "2009.??.??"]
[WhiteTeam "SC Bad Neuenahr/Aw."]
[BlackTeam "Schachverein 1949 Herzogenrath"]

1. e4 d5 2. exd5 Qxd5 3. c4 Qa5 4. Nc3 Nf6 5. d4 c6 6. Bd3 Bg4 7. f3 Bh5 8.
Nge2 Nbd7 9. O-O e5 10. Be3 Bg6 11. Ne4 O-O-O 12. a3 Nxe4 13. b4 Qc7 14. Bxe4
exd4 15. Nxd4 Nf6 16. Qc2 Bd6 17. g3 Rhe8 18. Nf5 Nxe4 19. fxe4 Bxf5 20. Rxf5
Bxg3 21. Bxa7 Be5 22. Raf1 f6 23. Be3 Rd7 24. R5f2 Red8 25. Bf4 Bxf4 26. Rxf4
Rd2 27. Qc1 Qe5 28. c5 Qg5+ 0-1

[Event "Schach am Rhein"]
[Site "Bad Breisig"]
[Date "2009.11.22"]
[Round "2.3"]
[White "Vorderbrügge, Franz-Josef"]
[Black "Kaiser, Hans"]
[Result "0-1"]
[WhiteElo "1924"]
[BlackElo "1815"]
[PlyCount "68"]
[EventDate "2009.??.??"]
[WhiteTeam "Schachverein Würselen 1926 e.V."]
[BlackTeam "Schachverein 1922 Hilden"]

1. d4 Nf6 2. c4 g6 3. Nc3 Bg7 4. g3 O-O 5. Nf3 d6 6. Bg2 Nc6 7. h3 Re8 8. e4 e5
9. d5 Nb8 10. O-O c6 11. Rb1 a5 12. b4 axb4 13. Rxb4 Na6 14. Ra4 Bd7 15. Ra3
Nc5 16. Rxa8 Qxa8 17. Qc2 Qa6 18. Nd2 Bh6 19. f4 exf4 20. gxf4 Nh5 21. Ne2 cxd5
22. cxd5 Qxe2 23. Qc3 Nxf4 24. Qg3 Qxg2+ 25. Qxg2 Nxg2 26. Kxg2 Bxd2 27. Bxd2
Rxe4 28. Bf4 Rd4 29. Bxd6 Rxd5 30. Be7 Rd2+ 31. Rf2 Bxh3+ 32. Kg1 Rxf2 33. Kxf2
Ne4+ 34. Ke3 f5 0-1

[Event "Schach am Rhein"]
[Site "Bad Breisig"]
[Date "2009.11.22"]
[Round "2.4"]
[White "Wittelsberger, Helmut"]
[Black "Durst, Uwe"]
[Result "1/2-1/2"]
[WhiteElo "1973"]
[BlackElo "2074"]
[PlyCount "63"]
[EventDate "2009.??.??"]
[WhiteTeam "SF Hillscheid"]
[BlackTeam "Hamelner SV"]

1. e4 d6 2. d4 Nf6 3. Bd3 g6 4. c3 c6 5. h3 Bg7 6. Nf3 Qc7 7. Be3 Nbd7 8. Nbd2
e5 9. dxe5 Nxe5 10. Nxe5 dxe5 11. Bc2 O-O 12. Qe2 Be6 13. O-O Nh5 14. Rfd1 b6
15. Nf3 Rad8 16. c4 c5 17. Rxd8 Rxd8 18. Rd1 Nf4 19. Qf1 Bc8 20. b3 Ne6 21.
Rxd8+ Qxd8 22. Qd3 Nd4 23. Bxd4 exd4 24. Qe2 Qe7 25. Bd3 Bb7 26. Kf1 Bh6 27. g3
Qe6 28. Ng1 Qc6 29. f3 Be3 30. Qg2 Qe6 31. Ne2 Bc8 32. g4 1/2-1/2

[Event "Schach am Rhein"]
[Site "Bad Breisig"]
[Date "2009.11.22"]
[Round "2.5"]
[White "Oser, Thor"]
[Black "van Houten, Henk"]
[Result "1/2-1/2"]
[WhiteElo "1869"]
[BlackElo "1794"]
[PlyCount "86"]
[EventDate "2009.??.??"]
[WhiteTeam "SK 1929 Jöhlingen"]
[BlackTeam "Schachclub Gronau 1920 e.V."]

1. e4 e5 2. Nf3 d6 3. h3 Nf6 4. Nc3 c5 5. Bc4 Be7 6. d3 h6 7. a3 Nbd7 8. Ne2
Nf8 9. c3 Be6 10. Bxe6 Nxe6 11. Ng3 Qd7 12. Be3 Qb5 13. Qc2 O-O 14. O-O Rfc8
15. Nf5 Bf8 16. g3 Kh7 17. N5h4 g6 18. Ng2 Nd4 19. Nxd4 cxd4 20. Bd2 Rc7 21. c4
Qd7 22. Kh2 d5 23. b3 dxe4 24. dxe4 d3 25. Qd1 Nxe4 26. Ne3 Nxd2 27. Qxd2 e4
28. Nd5 Rc6 29. a4 Bg7 30. Rae1 Re8 31. f3 f5 32. fxe4 fxe4 33. Rf4 Qxd5 34.
cxd5 Rc2 35. Qxc2 dxc2 36. Rc1 e3 37. Rc4 Bb2 38. R4xc2 Bxc1 39. Rxc1 e2 40.
Re1 Re3 41. d6 Kg7 42. Kg2 Kf7 43. Kf2 Rd3 1/2-1/2

[Event "Schach am Rhein"]
[Site "Bad Breisig"]
[Date "2009.11.22"]
[Round "2.7"]
[White "Stock, Hugo"]
[Black "Schumacher, Ursula"]
[Result "1/2-1/2"]
[WhiteElo "1640"]
[BlackElo "1667"]
[PlyCount "45"]
[EventDate "2009.??.??"]
[WhiteTeam "Bergische Schachfreunde 1923 Ber"]
[BlackTeam "SC Bad Neuenahr/Aw."]

1. d4 c6 2. Nf3 d5 3. Bf4 Bf5 4. e3 e6 5. Nbd2 Bd6 6. Be5 Bxe5 7. Nxe5 Ne7 8.
Bd3 Nd7 9. Ndf3 Nxe5 10. Nxe5 Bxd3 11. Nxd3 Ng6 12. Qf3 Qe7 13. g3 b6 14. c3 c5
15. h4 h5 16. O-O a5 17. c4 O-O 18. cxd5 exd5 19. Qxd5 Rad8 20. Qxh5 cxd4 21.
exd4 Rxd4 22. Rfe1 Qd6 23. Ne5 1/2-1/2

[Event "Schach am Rhein"]
[Site "Bad Breisig"]
[Date "2009.11.23"]
[Round "3.1"]
[White "Buzov, Boris"]
[Black "Classen, Herbert"]
[Result "1-0"]
[WhiteElo "2130"]
[BlackElo "1913"]
[PlyCount "72"]
[EventDate "2009.??.??"]
[WhiteTeam "VfR - SC Koblenz"]
[BlackTeam "Schachverein 1949 Herzogenrath"]

1. e4 e5 2. Nf3 Nc6 3. Bc4 Bc5 4. d3 Nf6 5. c3 O-O 6. Bb3 d6 7. O-O Qe7 8. Nbd2
Be6 9. Nc4 Bxc4 10. Bxc4 a6 11. Bb3 Rad8 12. Nh4 d5 13. Qf3 Qe6 14. Bg5 Ne7 15.
Bxf6 Qxf6 16. Qxf6 gxf6 17. Rad1 c6 18. g3 Kh8 19. Kg2 Rg8 20. Kf3 Rd6 21. Ke2
Rgd8 22. Ng2 Ng6 23. f4 Kg7 24. d4 exd4 25. cxd4 Bb6 26. e5 fxe5 27. fxe5 R6d7
28. Nf4 Nxf4+ 29. gxf4 Rg8 30. Rg1+ Kf8 31. Rg3 Rxg3 32. hxg3 Re7 33. Kf3 Re6
34. Bc2 Rh6 35. Rd2 Ba5 36. Rd3 Rh1 1-0

[Event "Schach am Rhein"]
[Site "Bad Breisig"]
[Date "2009.11.23"]
[Round "3.2"]
[White "Kaiser, Hans"]
[Black "Wittelsberger, Helmut"]
[Result "1-0"]
[WhiteElo "1815"]
[BlackElo "1973"]
[PlyCount "59"]
[EventDate "2009.??.??"]
[WhiteTeam "Schachverein 1922 Hilden"]
[BlackTeam "SF Hillscheid"]

1. e4 c5 2. Nc3 d6 3. Nf3 Nc6 4. Bb5 Bd7 5. O-O Nf6 6. d4 cxd4 7. Nxd4 g6 8.
Be3 Bg7 9. Qd2 O-O 10. Nxc6 bxc6 11. Bc4 Ng4 12. Bf4 Qc7 13. h3 Ne5 14. Bb3 Be6
15. Bh6 Nc4 16. Bxc4 Bxc4 17. Bxg7 Kxg7 18. Qd4+ e5 19. Qxc4 Rab8 20. b3 f5 21.
exf5 Rxf5 22. Nd5 Qd7 23. Ne3 Rf4 24. Qe2 Qf7 25. Nc4 Rd8 26. Rad1 Qf6 27. Qe3
d5 28. Qxa7+ Kh6 29. Ne3 Qe6 30. Ng4+ 1-0

[Event "Schach am Rhein"]
[Site "Bad Breisig"]
[Date "2009.11.23"]
[Round "3.3"]
[White "Vorderbrügge, Franz-Josef"]
[Black "Flockerzi, Armin"]
[Result "1/2-1/2"]
[WhiteElo "1924"]
[BlackElo "1820"]
[PlyCount "92"]
[EventDate "2009.??.??"]
[WhiteTeam "Schachverein Würselen 1926 e.V."]
[BlackTeam "VfR - SC Koblenz"]

1. d4 d5 2. c4 c6 3. cxd5 cxd5 4. Nc3 e6 5. Bf4 Nc6 6. e3 a6 7. Rc1 Nf6 8. Bd3
g6 9. h3 Bg7 10. Nf3 b5 11. Nxb5 axb5 12. Rxc6 Qa5+ 13. Nd2 Bd7 14. Rc2 O-O 15.
b3 b4 16. O-O Rfc8 17. Rb2 Rc6 18. Nb1 Rac8 19. Qd2 Ne4 20. Bxe4 dxe4 21. a3
Rb6 22. axb4 Qxb4 23. Qxb4 Rxb4 24. Bd6 Rb6 25. Bc5 Rbc6 26. Nd2 f5 27. Ra1 e5
28. b4 exd4 29. exd4 Rb8 30. Rba2 h6 31. Ra6 g5 32. Ra7 Be6 33. Ra8 Rcc8 34.
Rxb8 Rxb8 35. Nb1 f4 36. Nc3 e3 37. fxe3 fxe3 38. Re1 Bc4 39. Rxe3 Rd8 40. Ne2
Bxe2 41. Rxe2 Bxd4+ 42. Bxd4 Rxd4 43. Rb2 Rd6 44. Kf2 Rb6 45. b5 Kf7 46. Kg3 h5
1/2-1/2

[Event "Schach am Rhein"]
[Site "Bad Breisig"]
[Date "2009.11.23"]
[Round "3.4"]
[White "van Houten, Henk"]
[Black "Jung, Michael"]
[Result "0-1"]
[WhiteElo "1794"]
[BlackElo "1847"]
[PlyCount "70"]
[EventDate "2009.??.??"]
[WhiteTeam "Schachclub Gronau 1920 e.V."]
[BlackTeam "SV Osnabrück"]

1. b3 d5 2. Bb2 c5 3. e3 Nc6 4. Bb5 Bd7 5. Bxc6 Bxc6 6. Nf3 Nf6 7. d4 cxd4 8.
Bxd4 e6 9. Ne5 Rc8 10. a4 Bd6 11. O-O O-O 12. Nd2 b6 13. Ndf3 Bb7 14. Ra2 Qc7
15. Qa1 Ne4 16. Rd1 f6 17. Nd3 Ba6 18. g3 Bb7 19. Nd2 Nc3 20. Qxc3 Qxc3 21.
Bxc3 Rxc3 22. Nb1 Rc7 23. c3 Rfc8 24. f4 Kf7 25. h3 h6 26. Kh2 Ke7 27. Rad2 a6
28. Nb2 Bc5 29. Re1 a5 30. Nd3 Bd6 31. Nf2 f5 32. Nd3 Kf6 33. g4 g5 34. Kg3
gxf4+ 35. Nxf4 Rg7 0-1

[Event "Schach am Rhein"]
[Site "Bad Breisig"]
[Date "2009.11.23"]
[Round "3.5"]
[White "Schumacher, Ursula"]
[Black "Lubner, Wolfgang"]
[Result "1/2-1/2"]
[WhiteElo "1667"]
[BlackElo "1669"]
[PlyCount "83"]
[EventDate "2009.??.??"]
[WhiteTeam "SC Bad Neuenahr/Aw."]
[BlackTeam "SC Bad Neuenahr/Aw."]

1. c4 Nf6 2. Nc3 e6 3. Nf3 d5 4. cxd5 exd5 5. d4 Bd6 6. g3 c6 7. Bg2 Nbd7 8.
Bg5 h6 9. Bd2 O-O 10. O-O Re8 11. Re1 Nf8 12. Qc2 Ng6 13. e3 Bg4 14. a3 Qd7 15.
Ne2 Rac8 16. Rac1 c5 17. dxc5 Bxc5 18. Qd1 Ne4 19. Ned4 Ng5 20. Qb3 Nh3+ 21.
Kf1 Ne5 22. Nxe5 Rxe5 23. f4 Bxd4 24. Rxc8+ Qxc8 25. exd4 Rxe1+ 26. Bxe1 Qe6
27. Qd3 a6 28. Bf3 Bxf3 29. Qxf3 g5 30. f5 Qe4 31. Qxe4 dxe4 32. Bb4 f6 33. d5
Kf7 34. Bc5 g4 35. Kg2 Ng5 36. Be3 Ke7 37. Bf4 Nf7 38. Kf2 h5 39. Ke3 Nd6 40.
Bxd6+ Kxd6 41. Kxe4 a5 42. Kd4 1/2-1/2

[Event "Schach am Rhein"]
[Site "Bad Breisig"]
[Date "2009.11.24"]
[Round "4.1"]
[White "Kaiser, Hans"]
[Black "Buzov, Boris"]
[Result "0-1"]
[WhiteElo "1815"]
[BlackElo "2130"]
[PlyCount "84"]
[EventDate "2009.??.??"]
[WhiteTeam "Schachverein 1922 Hilden"]
[BlackTeam "VfR - SC Koblenz"]

1. e4 d5 2. exd5 Qxd5 3. Nc3 Qd6 4. d4 Nf6 5. Nf3 a6 6. Bd3 Bg4 7. Be3 Nc6 8.
Ne2 Bxf3 9. gxf3 e5 10. dxe5 Nxe5 11. Ng3 Nxd3+ 12. Qxd3 Qxd3 13. cxd3 O-O-O
14. Ke2 Nd5 15. a3 g6 16. Rac1 Bg7 17. Rc2 Rhe8 18. Rhc1 f5 19. f4 Bd4 20. Nf1
Bxe3 21. Nxe3 Nxf4+ 22. Kf3 Ne6 23. Rc3 Re7 24. Nc4 Nd4+ 25. Kg2 Ne2 26. Re1
Nf4+ 27. Kf1 Rxe1+ 28. Kxe1 Nxd3+ 29. Ke2 Nf4+ 30. Kf3 Ne6 31. Re3 Re8 32. Rd3
Ng5+ 33. Kg2 Re2 34. h4 Ne4 35. Rf3 b5 36. Ne5 Nxf2 37. Rxf2 Rxe5 38. Rc2 c5
39. Kg3 c4 40. Kf4 Re4+ 41. Kg3 Kd7 42. b3 cxb3 0-1

[Event "Schach am Rhein"]
[Site "Bad Breisig"]
[Date "2009.11.24"]
[Round "4.2"]
[White "Classen, Herbert"]
[Black "Jung, Michael"]
[Result "1-0"]
[WhiteElo "1913"]
[BlackElo "1847"]
[PlyCount "51"]
[EventDate "2009.??.??"]
[WhiteTeam "Schachverein 1949 Herzogenrath"]
[BlackTeam "SV Osnabrück"]

1. e4 c6 2. d4 d5 3. Nc3 dxe4 4. Nxe4 Bf5 5. Ng3 Bg6 6. h4 h6 7. h5 Bh7 8. Bd3
Bxd3 9. Qxd3 e6 10. Bf4 Nd7 11. O-O-O Ngf6 12. Nf3 Be7 13. c4 Qa5 14. Kb1 Rd8
15. Qe2 b5 16. d5 cxd5 17. cxd5 Nxd5 18. Rxd5 exd5 19. Bd6 O-O 20. Qxe7 Rfe8
21. Qh4 Nf6 22. Bb4 Qb6 23. Bc3 Ne4 24. Nxe4 Rxe4 25. Qg3 b4 26. Qxg7# 1-0